000 00838nam a2200241 i 4500
001 bg
100 1 _aCIECHANOWICZ-McLEAN, Janina
_d(1952- )
245 1 0 _aPrawo gospodarcze publiczne :
_bzarys wykładu /
_cJanina Ciechanowicz-McLean, Andrzej Powałowski.
260 _aWarszawa :
_bWydaw. Prawnicze "LexisNexis",
_c2001.
300 _a325 s. ;
_c21 cm.
504 _aBibliogr. przy rozdz. - Indeks.
650 9 _aPrawo gospodarcze
_zPolska
_ystan na 2001 r.
655 _aPodręczniki akademickie
700 1 _aPOWAŁOWSKI, Andrzej
020 _a8388296914
040 _cBPK
041 0 _apl
080 _a346(438)(075.8)
920 _a83-88296-91-4
942 _cKS
008 s pl f |000 0 pol
999 _c42590
_d42590
856 _uhttp://koha.tu.koszalin.pl/cgi-bin/koha/opac-detail.pl?biblionumber=42590
_yKatalog online BPK